000 00425nam a2200181Ia 4500
001 24819
005 20260414151108.0
008 260414t2018||||xx |||||||||||||| ||spa||
041 _aESP
082 _a346
_bD31
100 _aDavid, René,
_eAUT
245 0 _aTratado de derecho civil comparado
_b
260 _c2018
300 _a537 páginas :
_c23 cm.
650 _aDER
654 _aCDE
942 _cLIB
_dJUS
_fJUS
_2ddc
_n
999 _c24819
_d24819